Home Print Resources E-Books E-Journals IIMT Lecture Series Library Membership Form Book Recommendation Form Campus Tour Take AdmissionAbout Us Contact Us

DHARM - MAHASAMAR-4 (Record no. 56658)

000 -LEADER
fixed length control field nam a22 7a 4500
003 - CONTROL NUMBER IDENTIFIER
control field OSt
005 - DATE AND TIME OF LATEST TRANSACTION
control field 20230522045058.0
008 - FIXED-LENGTH DATA ELEMENTS--GENERAL INFORMATION
fixed length control field 230522b xxu||||| |||| 00| 0 eng d
040 ## - CATALOGING SOURCE
Transcribing agency IIMT UNIVERSITY
082 ## - DEWEY DECIMAL CLASSIFICATION NUMBER
Edition number NEW DELHI
100 ## - MAIN ENTRY--PERSONAL NAME
Personal name KOHALI, NARENDRA
245 ## - TITLE STATEMENT
Title DHARM - MAHASAMAR-4
260 ## - PUBLICATION, DISTRIBUTION, ETC.
Place of publication, distribution, etc. NEW DELHI
Name of publisher, distributor, etc. VANI PRAKASHAN
Date of publication, distribution, etc. 2021
300 ## - PHYSICAL DESCRIPTION
Extent 511
942 ## - ADDED ENTRY ELEMENTS (KOHA)
Source of classification or shelving scheme
Koha item type General Book
Holdings
Withdrawn status Lost status Source of classification or shelving scheme Damaged status Not for loan Home library Current library Date acquired Source of acquisition Cost, normal purchase price Inventory number Total Checkouts Full call number Barcode Date last seen Date last checked out Cost, replacement price Price effective from Koha item type
          IIMT University Central Library Meerut IIMT University Central Library Meerut 05/22/2023 ARISTA PUB. 499.00 HO/IN/19 2 808.83 KOH 01-B-140462 12/20/2024 12/14/2024 499.00 05/22/2023 General Book
IIMT, Central Library. All Rights Reserved IIMT,UNIVERSITY © 2023
Implemented and Customised by I CLOUDE EMS
You Are OPAC Visitor No
free web counter

Powered by Koha